Công nghệ bưu chính

Сохранить в:
Библиографические подробности
Главный автор: Ao Hoài Thu
Формат:
Опубликовано: Bưu điện 2006
Метки: Добавить метку
Нет меток, Требуется 1-ая метка записи!
Thư viện lưu trữ: Mạng thư viện Đại học Đà Nẵng
LEADER 00611nam a2200229 a 4500
001 000029891
003 24546
005 20171030145630.0
008 171030s2006
020 |c 48000 
040 |a LTT 
082 0 |a 383  |b AO-T 
100 1 |a Ao Hoài Thu 
245 0 0 |a Công nghệ bưu chính  |c Ao Hoài Thu (chủ biên), Lê Sỹ Linh, Nguyễn Quang Vũ ; hiệu đính Bùi Thanh Giang. 
260 |b Bưu điện  |c 2006 
OWN |a LTT 
999 |a From the UDN01 
TYP |a Monograph 
TYP |a Printed language 
980 |a Mạng thư viện Đại học Đà Nẵng